| 000 | 00676cam a22002413a 4500 | ||
|---|---|---|---|
| 001 | 14434 | ||
| 003 | PGUSA | ||
| 005 | 20140828083317.0 | ||
| 008 | 041223s2004||||xxu|||||s|||||000 1 eng d | ||
| 040 |
_aPGUSA _beng |
||
| 042 | _adc | ||
| 050 | 4 | _aPQ | |
| 100 | 1 |
_aZola, Émile, _d1840-1902 |
|
| 245 | 1 | 0 |
_aKertomuksia _h[electronic resource] / _cÉmile Zola |
| 260 |
_bProject Gutenberg, _c2004 |
||
| 506 | _aPublic domain in the USA. | ||
| 516 | _aElectronic text | ||
| 653 | _aFrench fiction -- Translations into Finnish | ||
| 700 | 1 |
_aErkko, Eero, _d1860-1927 |
|
| 830 | 0 |
_aProject Gutenberg _v14434 |
|
| 856 | 4 | 0 | _uhttp://www.gutenberg.org/ebooks/14434 |
| 942 | _cEB | ||
| 999 |
_c243689 _d243689 |
||